Clic A quoi correpondent ces chiffres de 1 à 5 ? - Statistiques

Statistiques générales
  • Ce quiz a été pris 285 fois
  • Le résultat moyen est 32 sur 78
Statistiques - réponses
Hint Réponse % Correct
La première pièce en centimes d'euro en ordre croissant 1
80%
Des triplés 3
79%
La troisième classe du collège 4
79%
Des jumeaux 2
78%
La dernière classe du collège 3
77%
Des quadruplés 4
77%
Le plus petit billet en euros 5
77%
La première classe du lycée 2
74%
Le nombre de saisons 4
72%
Le nombre de sens 5
72%
La deuxième classe du collège 5
72%
Des quintuplés 5
72%
Le département de l'Ain 1
70%
Semaines de congés payés 5
70%
Le nombre d'anneaux olympiques 5
69%
La deuxième classe du lycée 1
67%
La deuxième pièce en centimes d'euro en ordre croissant 2
67%
Le numéro du gardien de but au football 1
64%
Le nombre d'enseignes dans un jeu de cartes 4
61%
Le nombre d'océans 5
61%
Le département de l'Aisne 2
60%
La troisième pièce en euro en ordre croissant 5
60%
Les ours de Boucle d'or 3
59%
Le département de l'Allier 3
57%
Le département des Alpes de Haute-Provence 4
57%
Les 1ers chiffres des téléphones fixes en Ile-de-France 1
55%
Une avenue de New York 5
50%
Le numéro du meneur au basket 1
47%
Le nombre de mousquetaires chez Dumas 3
47%
Le numéro atomique de l'hydrogène 1
45%
Les 1ers chiffres des téléphones fixes dans le Sud-Est 4
45%
Les 1ers chiffres des téléphones fixes dans le Nord-Est 3
44%
Les 1ers chiffres des téléphones fixes dans le Nord-Ouest 2
43%
Le département des Hautes-Alpes 5
41%
Le numéro atomique de l'hélium 2
37%
Ligne Porte La Défense - Château de Vincennes du métro de Paris 1
36%
Le numéro atomique du lithium 3
36%
Ligne Porte de Clignancourt - Bagneux - Lucie Aubrac du métro de Paris 4
34%
Les 1ers chiffres des téléphones fixes dans le Sud-Ouest 5
34%
Le numéro de l'ailier fort au basket 4
32%
Le numéro atomique du béryllium 4
32%
Ligne Pont de Levallois - Bécon Gallieni du métro de Paris 3
31%
Le numéro de l'ailier au basket 3
30%
Noces de froment en France 3
29%
Les noces de coton en France 1
28%
Le numéro du pilier droit au rugby à XV 3
28%
Une voiture de la marque Renault 4
28%
Ligne Porte Dauphine-Nation du métro de Paris 2
27%
Le numéro de l'arrière droit au football 2
27%
Ligne Bobigny - Pablo Picasso - Place d'Italie du métro de Paris 5
27%
Autoroute allant de Combles à la Belgique 2
26%
Un album de Beyoncé 4
25%
Le numéro du stoppeur au football 4
25%
Le numéro du dernier défenseur au football 5
25%
Une voiture de la marque Renault 5
24%
Le numéro d'un des deuxième ligne au rugby à XV 4
23%
Le numéro du pivot au basket 5
23%
Zone DVD de l'Europe (sauf 4 pays), du Japon, du Levant... 2
22%
Le numéro de l'arrière gauche au football 3
22%
Zone DVD de l'Asie du Sud-est 3
22%
Ligne St Philibert - CH Dron du métro de Lille 2
21%
Noces de cire en France 4
20%
Le numéro du talonneur en rugby à XV 2
19%
L'autoroute qui va de Paris à Gonesse 3
19%
Le numéro d'un des deuxième ligne au rugby à XV 5
19%
Zone DVD de l'Europe de l'est, de l'Asie centrale, du sous-continent indien, de l'Afrique... 5
18%
Noces de Bois en France 5
18%
Zone DVD de l'Amérique du nord 1
17%
Le numéro atomique du bore 5
17%
L'année 1793-1794 en France 2
16%
Noces de cuir en France 2
16%
Un ennemi de James Bond dans Opération Tonnerre 2
15%
Le numéro du pilier gauche au rugby à XV 1
13%
Zone DVD de l'Amérique centrale et du sud et de l'Océanie 4
13%
Ligne Quatre cantons - CHU du métro de Lille 1
12%
Le numéro de l'arrière au basket 2
12%
Un album des Beattles 1
10%
Un personnage du "Prisonnier" 2
9%
Aucun quiz correspondant
Distribution des résultats
% des personnes avec chaque résultat
Percentile par nombre de réponses
Votre historique - résultats
Vous n’avez pas pris ce quiz